<?xml version="1.0" encoding="UTF-8"?>
<marc:record xmlns:marc="http://www.loc.gov/MARC21/slim">
   <marc:leader>00000nam a2200000 a 4500</marc:leader>
   <marc:datafield ind1="1" ind2=" " tag="100">
      <marc:subfield code="a">Knizia, Reiner</marc:subfield>
      <marc:subfield code="4">aut</marc:subfield>
      <marc:subfield code="e">Verfasser/-in</marc:subfield>
   </marc:datafield>
   <marc:datafield ind1="0" ind2="0" tag="245">
      <marc:subfield code="a">Wettlauf nach El Dorado - Die goldenen Tempel</marc:subfield>
   </marc:datafield>
   <marc:datafield ind1="0" ind2="0" tag="245">
      <marc:subfield code="b">Eigenständig oder zusammen mit Wettlauf nach El Dorado spielbar</marc:subfield>
   </marc:datafield>
   <marc:datafield ind1=" " ind2="1" tag="264">
      <marc:subfield code="b">Ravensburger Spieleverlag</marc:subfield>
      <marc:subfield code="c">2019</marc:subfield>
   </marc:datafield>
   <marc:datafield ind1="1" ind2=" " tag="520">
      <marc:subfield code="a">Geschafft! El Dorado liegt vor euch! Aber ist das nicht eigentlich erst der Beginn eines viel größeren Abenteuers?&lt;br/&gt;Wessen Expedition entdeckt als erste die drei mythischen Edelsteine, die der Sage nach die Tore zum unendlichen Reichtum der goldenen Schatzkammer öffnen?&lt;br/&gt;Die Fortsetzung der zum "Spiel des Jahres" nominierten Abenteuer-Saga führt euch tief in die Stadt des Goldes. Und wenn ihr wollt, sogar noch weiter: Denn für ein episches Spielerlebnis lassen sich alle Teile des Deckbuilding-Bestsellers miteinander kombinieren! Also wappnet euch mit Mut &amp; Machete und öffnet die Tore von EL DORADO!</marc:subfield>
   </marc:datafield>
   <marc:datafield ind1="2" ind2=" " tag="024">
      <marc:subfield code="a">4005556261291</marc:subfield>
   </marc:datafield>
   <marc:datafield ind1=" " ind2=" " tag="041">
      <marc:subfield code="a">ger</marc:subfield>
   </marc:datafield>
   <marc:datafield ind1=" " ind2=" " tag="500">
      <marc:subfield code="a">ca 60 Minuten</marc:subfield>
   </marc:datafield>
   <marc:datafield ind1="1" ind2=" " tag="521">
      <marc:subfield code="a">10-99 Jahre</marc:subfield>
   </marc:datafield>
   <marc:datafield ind1="1" ind2=" " tag="521">
      <marc:subfield code="a">0</marc:subfield>
   </marc:datafield>
   <marc:datafield ind1=" " ind2=" " tag="300">
      <marc:subfield code="a">1 Starttafel, 3 Geländertafeln, 3 Tempel, 1 Zielplättchen, 6 Blockaden, 8 Spielfiguren, 4 Expeditionstafeln, 1 Startspielerhut, 1 Markttafel, 150 Expeditionskarten, 1 Spielanleitung</marc:subfield>
   </marc:datafield>
</marc:record>
